Score 0/32 Timer 05:00
0 Plays Today
% Correct
Blackhawks
93.8%
Penguins
92.9%
Yankees
91.8%
Maple Leafs
91.8%
Eagles
91.8%
Marlins
91.4%
Redskins
90.9%
Twins
90.9%
Sabres
90.7%
Ravens
90.5%
Bengals
90.5%
Cowboys
90.3%
Pistons
90%
Browns
90%
Rockets
89.8%
Pacers
89.8%
% Correct
Seahawks
89.8%
Royals
89.8%
Brewers
89.6%
Celtics
89.4%
Rays
89.4%
Giants (MLB)
89.2%
Hawks
88.9%
Padres
88.5%
Nuggets
87.8%
Cardinals (MLB)
86.3%
Coyotes
85.4%
Titans
84.1%
Angels
83%
Warriors
81.4%
Hornets
81.4%
Panthers (NFL)
78.1%

You're not logged in!

Compare scores with friends on all Sporcle quizzes.
OR
Log In

Sporcle TV

Today on Sporcle TV


Watch our educational content, quiz creation guides, and fun videos on Sporcle TV.

Show Comments

Extras

Top Quizzes Today


Score Distribution

Paid Content

Your Account Isn't Verified!

In order to create a playlist on Sporcle, you need to verify the email address you used during registration. Go to your Sporcle Settings to finish the process.

Report this User

Report this user for behavior that violates our Community Guidelines.

Details: